[Event "ch-city"]
[Site "Milanowek"]
[Date "2013.06.24"]
[Round "1.1"]
[White "Strzemiecki, Zbigniew"]
[Black "Chylewski, Patryk"]
[Result "1-0"]
[WhiteElo "2431"]
[BlackElo "1740"]
[PlyCount "61"]
[EventDate "2013.??.??"]
[EventType "swiss"]
[EventCountry "POL"]

1. e4 c5 2. Nf3 d6 3. d4 cxd4 4. Nxd4 Nf6 5. f3 a6 6. c4 e6 7. Nc3 Be7 8. Be3
O-O 9. Be2 Nbd7 10. O-O Qc7 11. Qd2 b6 12. Rfc1 Bb7 13. a4 Rac8 14. a5 bxa5 15.
Nb3 a4 16. Nxa4 Nc5 17. Na5 Nfd7 18. Nc3 Nb8 19. b4 Ncd7 20. Nd5 Bxd5 21. cxd5
Qd8 22. Nb7 Qe8 23. dxe6 fxe6 24. Nxd6 Bxd6 25. Qxd6 e5 26. Rxc8 Qxc8 27. Rc1
Qe8 28. Ba7 Kh8 29. b5 axb5 30. Bxb5 Rf6 31. Qc7 1-0

[Event "ch-city"]
[Site "Milanowek"]
[Date "2013.06.24"]
[Round "1.2"]
[White "Herman, Monika"]
[Black "Jakovljev, Zoran"]
[Result "0-1"]
[WhiteElo "1665"]
[BlackElo "2280"]
[PlyCount "70"]
[EventDate "2013.??.??"]
[EventType "swiss"]
[EventCountry "POL"]

1. e4 Nc6 2. Nc3 Nf6 3. d4 d6 4. Be2 g6 5. Be3 Bg7 6. Qd2 O-O 7. h3 e5 8. d5
Nd4 9. O-O-O Re8 10. g4 c5 11. g5 Nxe2+ 12. Ngxe2 Nh5 13. Rdg1 b5 14. Nxb5 Ba6
15. Nbc3 Rb8 16. h4 Qa5 17. a3 Nf4 18. Ng3 Rxb2 19. Kxb2 Rb8+ 20. Kc1 Qxa3+ 21.
Kd1 Qa1+ 22. Qc1 Qxc3 23. h5 Rb4 24. hxg6 hxg6 25. Bd2 Qf3+ 26. Ke1 Rxe4+ 27.
Be3 Ng2+ 28. Rxg2 Qxg2 29. Kd2 Ra4 30. Qb1 Qxd5+ 31. Ke1 Rb4 32. Qa1 Qb7 33.
Kd2 e4 34. Qa5 Qd5+ 35. Kc1 Bb2+ 0-1

[Event "ch-city"]
[Site "Milanowek"]
[Date "2013.06.24"]
[Round "1.3"]
[White "Kasperkiewicz, Pawel"]
[Black "Kowalik, Pawel"]
[Result "1/2-1/2"]
[WhiteElo "2103"]
[BlackElo "1655"]
[PlyCount "103"]
[EventDate "2013.??.??"]
[EventType "swiss"]
[EventCountry "POL"]

1. e4 e5 2. Bc4 Bc5 3. Nc3 Nf6 4. d3 Nc6 5. f4 d6 6. Nf3 Bg4 7. h3 Be6 8. Bb5
Bd7 9. Na4 Bb4+ 10. c3 Ba5 11. b4 Bb6 12. Nxb6 axb6 13. O-O Qe7 14. fxe5 Nxe5
15. Bxd7+ Nexd7 16. Nd4 O-O 17. Bg5 c5 18. Nf5 Qe6 19. Qf3 Ne5 20. Qg3 Nh5 21.
Qh4 g6 22. d4 Nd7 23. Ne7+ Kh8 24. Nd5 Rac8 25. Rae1 f6 26. Bc1 Rf7 27. Rf2 Ng7
28. Ref1 f5 29. Nf4 Qf6 30. Qxf6 Rxf6 31. Nd5 Rff8 32. Bf4 fxe4 33. Bxd6 Rxf2
34. Rxf2 cxd4 35. cxd4 Nf5 36. Be5+ Nxe5 37. dxe5 Re8 38. Nxb6 Rxe5 39. Nc4 Re7
40. Re2 Nd4 41. Rd2 Nb5 42. Kf2 Nc3 43. Ke3 b5 44. Nd6 Ra7 45. Nxe4 Nxa2 46.
Rd5 Nxb4 47. Rxb5 Nc6 48. Rc5 Ne7 49. Kf4 Kg7 50. g4 h6 51. h4 Kf7 52. h5
1/2-1/2

[Event "ch-city"]
[Site "Milanowek"]
[Date "2013.06.24"]
[Round "1.4"]
[White "Woloszyn, Piotr"]
[Black "Liberadzki, Slawomir"]
[Result "0-1"]
[WhiteElo "1533"]
[BlackElo "2078"]
[PlyCount "78"]
[EventDate "2013.??.??"]
[EventType "swiss"]
[EventCountry "POL"]

1. g3 c5 2. c4 Nc6 3. Nc3 g6 4. Nf3 Bg7 5. e3 e5 6. d3 Nge7 7. e4 O-O 8. Bg2 f5
9. O-O d6 10. h3 Nd4 11. Nxd4 cxd4 12. Nd5 Nxd5 13. cxd5 Qb6 14. Kh2 Bd7 15.
Qb3 Qxb3 16. axb3 Bb5 17. exf5 Bxd3 18. Bg5 Bxf1 19. Rxf1 Rxf5 20. Be7 Bf8 21.
Bxf8 Raxf8 22. Kg1 Rc8 23. Be4 Rf7 24. Ra1 a6 25. Kg2 Rfc7 26. h4 Rc1 27. Ra5
R8c5 28. Ra3 Rd1 29. h5 gxh5 30. b4 Rb5 31. Rf3 Rxb4 32. Bf5 Rxb2 33. Be6+ Kg7
34. Rf7+ Kg6 35. Rf8 e4 36. Rg8+ Kh6 37. g4 hxg4 38. Bxg4 Rdd2 39. Rf8 e3 0-1

[Event "ch-city"]
[Site "Milanowek"]
[Date "2013.06.24"]
[Round "1.5"]
[White "Wojtaszewski, Piotr"]
[Black "Borowski, Marek"]
[Result "1-0"]
[WhiteElo "2018"]
[BlackElo "1506"]
[PlyCount "143"]
[EventDate "2013.??.??"]
[EventType "swiss"]
[EventCountry "POL"]

1. e4 e6 2. d3 d5 3. Nd2 c5 4. g3 Nc6 5. Bg2 Nf6 6. Ngf3 Bd6 7. c3 b5 8. O-O
O-O 9. Re1 Qc7 10. Qe2 dxe4 11. Nxe4 Nxe4 12. Qxe4 Bb7 13. Ng5 g6 14. Qh4 h5
15. Ne4 Be7 16. Bg5 Kg7 17. Bf6+ Bxf6 18. Qxf6+ Kg8 19. g4 hxg4 20. Qh4 Kg7 21.
Qxg4 Ne7 22. Ng3 Bxg2 23. Kxg2 Rh8 24. Re3 Nd5 25. Rf3 Qe7 26. Ne2 Rh4 27. Qg3
Rah8 28. Rh1 Rh3 29. Qe5+ f6 30. Qe4 R3h4 31. Nf4 Nxf4+ 32. Rxf4 Rxf4 33. Qxf4
e5 34. Qf3 f5 35. Re1 Qg5+ 36. Kh1 Qh4 37. Qb7+ Kf6 38. Qc6+ Kg5 39. Rg1+ Kf4
40. Rg2 Qh5 41. Qxg6 Qd1+ 42. Rg1 Qf3+ 43. Qg2 Qxg2+ 44. Kxg2 Rd8 45. Rd1 Rg8+
46. Kf1 Kf3 47. d4 cxd4 48. cxd4 e4 49. d5 Rg2 50. d6 Rxh2 51. Kg1 Rg2+ 52. Kh1
Rg8 53. d7 Rd8 54. Kg1 Rg8+ 55. Kf1 Rh8 56. Ke1 Rd8 57. b4 f4 58. Rd4 e3 59.
fxe3 Kxe3 60. Rd6 Ke4 61. Kf2 Ke5 62. Rd1 Ke6 63. Kf3 Ke5 64. Rd2 Ke6 65. Kxf4
Rxd7 66. Rxd7 Kxd7 67. Ke5 Kc6 68. Ke6 a5 69. a3 a4 70. Ke5 Kd7 71. Kd5 Kc7 72.
Kc5 1-0

[Event "ch-city"]
[Site "Milanowek"]
[Date "2013.06.24"]
[Round "1.6"]
[White "Kanach, Jerzy"]
[Black "Szefer, Michal"]
[Result "0-1"]
[WhiteElo "1490"]
[BlackElo "1992"]
[PlyCount "56"]
[EventDate "2013.??.??"]
[EventType "swiss"]
[EventCountry "POL"]

1. e4 c5 2. c3 d6 3. Be2 Nf6 4. d3 Nc6 5. Nf3 g6 6. Be3 Bd7 7. b3 Bg7 8. Bd2
Qc7 9. Na3 d5 10. exd5 Nxd5 11. Rc1 O-O 12. O-O Nf4 13. Nc2 Nxe2+ 14. Qxe2 Rad8
15. Ne3 Ne5 16. d4 Nxf3+ 17. Qxf3 e6 18. Rfe1 Bc6 19. Qg3 Qxg3 20. hxg3 cxd4
21. cxd4 Bxd4 22. Bc3 Bxc3 23. Rxc3 Rd2 24. a4 Rfd8 25. Rec1 Kg7 26. R1c2 Rxc2
27. Nxc2 Rd1+ 28. Kh2 Rc1 0-1

[Event "ch-city"]
[Site "Milanowek"]
[Date "2013.06.24"]
[Round "1.7"]
[White "Sujkowski, Pawel"]
[Black "Tomczyk, Ryszard"]
[Result "1-0"]
[WhiteElo "1957"]
[BlackElo "1488"]
[Annotator "Admin"]
[PlyCount "145"]
[EventDate "2013.??.??"]
[EventType "swiss"]
[EventCountry "POL"]

1. e4 e6 2. d4 d5 3. e5 c5 4. c3 Qb6 5. Nf3 h6 6. Be2 Nc6 7. O-O Bd7 8. dxc5
Bxc5 9. b4 Be7 10. Na3 a6 11. Bd3 Na7 12. Qe2 Qc7 13. Bb2 Bd8 14. c4 Ne7 15.
Rfc1 Qb8 16. h3 b5 17. c5 Nac6 18. Nc2 Bc7 19. a3 Bc8 20. Re1 Bd7 21. Kh1 Qb7
22. Ncd4 Nxd4 23. Nxd4 Nc6 24. f4 Nxd4 25. Bxd4 O-O 26. Qg4 Bd8 27. f5 exf5 28.
Bxf5 Bxf5 29. Qxf5 Qc8 30. e6 fxe6 31. Qxe6+ Qxe6 32. Rxe6 Rf4 33. Rd1 Bc7 34.
Re7 Rf7 $11 35. Rde1 Raf8 36. Kg1 a5 37. Rxf7 Rxf7 38. bxa5 Bxa5 39. Rb1 Rb7
40. c6 Rb8 41. Be5 Re8 42. Rxb5 Rxe5 43. Rxa5 Re1+ 44. Kf2 Rc1 45. Rxd5 Rxc6
46. Rd3 Kf7 47. Re3 g5 48. g4 Kf6 49. Ke2 Rc5 50. Kd3 Rc8 51. Kd4 Rd8+ 52. Kc4
Rc8+ 53. Kb3 Rb8+ 54. Ka2 Rd8 55. a4 Rd4 56. a5 Rd6 57. Kb3 Kg6 58. Kc4 h5 59.
gxh5+ Kxh5 60. Ra3 Rf6 61. a6 Rf4+ 62. Kc5 Rf1 63. a7 Rf5+ 64. Kd4 Rf4+ 65. Ke5
Rf8 66. a8=Q Rxa8 67. Rxa8 Kh4 68. Rg8 Kxh3 69. Rxg5 Kh4 70. Kf4 Kh3 71. Rg6
Kh2 72. Kf3 Kh1 73. Kf2 1-0

[Event "ch-city"]
[Site "Milanowek"]
[Date "2013.06.24"]
[Round "1.8"]
[White "Moscicka, Pola"]
[Black "Lasota, Adam"]
[Result "0-1"]
[WhiteElo "1487"]
[BlackElo "1893"]
[PlyCount "118"]
[EventDate "2013.??.??"]
[EventType "swiss"]
[EventCountry "POL"]

1. e4 c5 2. Nf3 e6 3. d4 cxd4 4. Nxd4 Nc6 5. Nb5 d6 6. Bf4 e5 7. Be3 Nf6 8.
N1c3 a6 9. Na3 Be7 10. Be2 Be6 11. Nc4 b5 12. Nb6 Rb8 13. Nbd5 Nd7 14. a3 O-O
15. O-O Rb7 16. Qd2 Na5 17. b3 Bxd5 18. Nxd5 Nf6 19. Nxf6+ Bxf6 20. Rfd1 Be7
21. Qd5 Qc7 22. b4 Nc4 23. Bxc4 bxc4 24. Rab1 Rb5 25. Qd2 Rfb8 26. c3 Qc6 27.
f3 Rd8 28. Rb2 Rb7 29. Qd5 Qa4 30. Rdb1 Qb5 31. a4 Qxd5 32. exd5 f5 33. b5 a5
34. Rf1 Bf6 35. Rd2 Re8 36. f4 exf4 37. Bd4 Bg5 38. Rdf2 g6 39. h4 Bxh4 40.
Rxf4 Bg5 41. R4f3 Re2 42. g4 f4 43. R3f2 Re4 44. Rb2 Kf7 45. b6 Bf6 46. Bxf6
Kxf6 47. Rb5 Kg5 48. Rfb1 Kxg4 49. Rxa5 Kg3 50. Kf1 f3 51. Ra7 Rh4 52. Ke1 Rh1+
53. Kd2 Rxb1 54. Rxb7 f2 55. Rf7 Rxb6 56. Ke3 Rb2 57. a5 Kg2 58. a6 f1=Q 59.
Rxf1 Kxf1 0-1

[Event "ch-city"]
[Site "Milanowek"]
[Date "2013.06.24"]
[Round "1.9"]
[White "Bitowt, Jacek"]
[Black "Moscicki, Slawomir"]
[Result "1-0"]
[WhiteElo "1858"]
[BlackElo "1388"]
[PlyCount "69"]
[EventDate "2013.??.??"]
[EventType "swiss"]
[EventCountry "POL"]

1. e4 d6 2. d4 Nf6 3. Nc3 Nbd7 4. Nf3 e5 5. Bc4 Nb6 6. Bb3 Bg4 7. dxe5 Bxf3 8.
Qxf3 dxe5 9. O-O Bd6 10. Bg5 Nbd7 11. Nd5 Be7 12. Nxe7 Qxe7 13. c3 h6 14. Bh4
g5 15. Bg3 O-O-O 16. Qe3 Nc5 17. Bc2 b6 18. b4 Nb7 19. f3 Nd7 20. a4 c5 21.
Rfb1 cxb4 22. cxb4 Kb8 23. Bf2 Rhg8 24. a5 Rg6 25. axb6 Nxb6 26. Qa3 a5 27.
bxa5 Qxa3 28. Rxa3 Rd2 29. Bb3 Nc8 30. Bd5 Ncd6 31. a6 Nb5 32. a7+ Nxa7 33.
Bxa7+ Kc7 34. Rxb7+ Kc8 35. Rc3+ 1-0

[Event "ch-city"]
[Site "Milanowek"]
[Date "2013.06.24"]
[Round "1.10"]
[White "Kucharski, Jacek"]
[Black "Praczukowski, Stanislaw"]
[Result "0-1"]
[WhiteElo "1371"]
[BlackElo "1838"]
[PlyCount "62"]
[EventDate "2013.??.??"]
[EventType "swiss"]
[EventCountry "POL"]

1. d4 Nf6 2. c4 c5 3. Nf3 e6 4. g3 d5 5. cxd5 exd5 6. dxc5 Bxc5 7. e3 O-O 8.
Bg2 Re8 9. O-O Nc6 10. Qc2 Bb6 11. Bd2 Bg4 12. Bc3 Rc8 13. Qb3 Ne4 14. Nfd2
Nxf2 15. Rxf2 Bxe3 16. Nf3 Bxf2+ 17. Kxf2 d4 18. Bd2 Qe7 19. Qd3 Bxf3 20. Bxf3
Ne5 21. Qe4 Qc5 22. Na3 Nc4 23. Qf4 Nxb2 24. Be4 Qxa3 25. Rb1 Nd3+ 26. Bxd3
Qxd3 27. Re1 Rxe1 28. Kxe1 Re8+ 29. Kd1 Qb1+ 30. Bc1 d3 31. Qf5 Qc2# 0-1

[Event "ch-city"]
[Site "Milanowek"]
[Date "2013.06.25"]
[Round "2.1"]
[White "Lasota, Adam"]
[Black "Strzemiecki, Zbigniew"]
[Result "0-1"]
[WhiteElo "1893"]
[BlackElo "2431"]
[PlyCount "164"]
[EventDate "2013.??.??"]
[EventType "swiss"]
[EventCountry "POL"]

1. d4 e6 2. Bf4 Nf6 3. e3 b6 4. Nf3 Bb7 5. Bd3 Be7 6. h3 O-O 7. Nbd2 c5 8. c3
Ba6 9. Bxa6 Nxa6 10. O-O Qc8 11. Rc1 Qb7 12. Qe2 Rac8 13. a3 Nb8 14. Rfe1 Nc6
15. Ne5 d6 16. Nxc6 Rxc6 17. Nf3 Rfc8 18. Bh2 cxd4 19. Nxd4 Rc4 20. Rcd1 d5 21.
Nf3 Nd7 22. Rd4 b5 23. Rdd1 Ra4 24. Nd2 Nf6 25. Be5 Nd7 26. Bg3 Nc5 27. f3 h6
28. Be5 Bh4 29. Rf1 Nd7 30. Bh2 Bg5 31. e4 Bxd2 32. Qxd2 Nb6 33. exd5 Nxd5 34.
Be5 Rac4 35. Bd4 a5 36. f4 b4 37. axb4 axb4 38. Rf3 Ne7 39. Qe3 Qd5 40. Qe5
Qxe5 41. Bxe5 Nc6 42. cxb4 Nxe5 43. fxe5 Rxb4 44. Rd7 Rf8 45. Rf2 Re4 46. Rb7
Rxe5 47. b4 f6 48. Rc2 Rd8 49. g4 h5 50. h4 Rd4 51. gxh5 Rg4+ 52. Kf1 Rxh5 53.
b5 Rhxh4 54. b6 Rh1+ 55. Kf2 Rh2+ 56. Kf3 Rxc2 57. Kxg4 Rb2 58. Rb8+ Kf7 59. b7
Rb4+ 60. Kf3 Kg6 61. Ke3 Kf5 62. Kd3 g5 63. Kc3 Rb1 64. Kc4 g4 65. Kc5 g3 66.
Kc6 Kf4 67. Rg8 e5 68. b8=Q Rxb8 69. Rxb8 g2 70. Rb1 Kg3 71. Kd5 Kh2 72. Rb2
Kh1 73. Rf2 g1=Q 74. Rxf6 Qd4+ 75. Ke6 e4 76. Rf4 Kg2 77. Kf5 Qd5+ 78. Kg4 e3
79. Kh4 Qd8+ 80. Kg4 Qg8+ 81. Kh5 Qh7+ 82. Kg5 Qg7+ 0-1

[Event "ch-city"]
[Site "Milanowek"]
[Date "2013.06.25"]
[Round "2.2"]
[White "Jakovljev, Zoran"]
[Black "Sujkowski, Pawel"]
[Result "0-1"]
[WhiteElo "2280"]
[BlackElo "1957"]
[PlyCount "92"]
[EventDate "2013.??.??"]
[EventType "swiss"]
[EventCountry "POL"]

1. e4 c5 2. Nf3 e6 3. d3 Nc6 4. g3 Nge7 5. Bg2 g6 6. O-O Bg7 7. Re1 e5 8. Be3
d6 9. Qd2 h6 10. Nc3 Be6 11. a3 g5 12. b4 b6 13. bxc5 dxc5 14. a4 Rc8 15. h4 g4
16. Nh2 Qd7 17. Rf1 Nd4 18. Rae1 c4 19. Nd5 Bxd5 20. Bxd4 Be6 21. Bc3 cxd3 22.
cxd3 Qxa4 23. Ra1 Qd7 24. Qb2 Nc6 25. Kh1 O-O 26. f4 gxf3 27. Rxf3 Rc7 28. Raf1
Nd4 29. R3f2 Rfc8 30. Bxd4 Qxd4 31. Qb1 Rc3 32. Rf3 a5 33. g4 Qc5 34. g5 Rc1
35. Qb2 Rxf1+ 36. Nxf1 hxg5 37. Qd2 Qc1 38. Qf2 g4 39. Rf5 Rc2 40. Qxb6 Bxf5
41. Qd8+ Bf8 42. exf5 Qf4 43. Qxa5 Rc1 44. Qa2 Rxf1+ 45. Bxf1 Qxf1+ 46. Kh2
Qh3+ 0-1

[Event "ch-city"]
[Site "Milanowek"]
[Date "2013.06.25"]
[Round "2.3"]
[White "Liberadzki, Slawomir"]
[Black "Bitowt, Jacek"]
[Result "1-0"]
[WhiteElo "2078"]
[BlackElo "1858"]
[PlyCount "38"]
[EventDate "2013.??.??"]
[EventType "swiss"]
[EventCountry "POL"]

1. c4 Nf6 2. Nc3 g6 3. g3 Bg7 4. Bg2 d6 5. d4 O-O 6. e4 e5 7. Nge2 c6 8. O-O
Qc7 9. h3 Bd7 10. Be3 b5 11. cxb5 cxb5 12. Rc1 Qa5 13. dxe5 dxe5 14. Nd5 Nxd5
15. Qxd5 Qa6 16. Qxa8 Nc6 17. Rxc6 Qxa2 18. Qxa7 Qxa7 19. Bxa7 Bxc6 1-0

[Event "ch-city"]
[Site "Milanowek"]
[Date "2013.06.25"]
[Round "2.4"]
[White "Praczukowski, Stanislaw"]
[Black "Wojtaszewski, Piotr"]
[Result "0-1"]
[WhiteElo "1838"]
[BlackElo "2018"]
[PlyCount "102"]
[EventDate "2013.??.??"]
[EventType "swiss"]
[EventCountry "POL"]

1. d4 d6 2. Nf3 g6 3. c4 Bg7 4. Nc3 Nf6 5. g3 O-O 6. Bg2 c6 7. O-O Nbd7 8. e4
Qc7 9. h3 e5 10. Be3 Re8 11. Re1 Nf8 12. d5 h6 13. Qd2 g5 14. Red1 c5 15. Ne1
Ng6 16. Nd3 a6 17. b4 b6 18. bxc5 bxc5 19. Rdb1 Bd7 20. Rb3 Reb8 21. Rab1 Qc8
22. Kh2 Be8 23. Qb2 Nd7 24. Rb7 Bf6 25. Bf3 Bd8 26. Bg4 Bc7 27. f4 exf4 28.
gxf4 Qd8 29. Qg2 f6 30. Be6+ Kg7 31. Ne2 Nh4 32. Qg4 Nb6 33. Rxb8 Rxb8 34. fxg5
fxg5 35. Bf2 h5 36. Qg3 Nxc4 37. Rg1 Bg6 38. Nef4 Nd2 39. Bg4 Kh6 40. Ne6 Qf6
41. Be3 Ndf3+ 42. Bxf3 Nxf3+ 43. Kh1 Bxe4 44. Nf2 Bxd5 45. Nxc7 Bc6 46. h4
Nxh4+ 47. Kh2 Nf3+ 48. Kh3 Rb4 49. Ne4 Rxe4 50. Rd1 Rh4+ 51. Kg2 Nd4+ 0-1

[Event "ch-city"]
[Site "Milanowek"]
[Date "2013.06.25"]
[Round "2.6"]
[White "Kowalczyk, Waldemar"]
[Black "Zbrzeski, Piotr"]
[Result "1-0"]
[WhiteElo "1760"]
[BlackElo "1786"]
[PlyCount "139"]
[EventDate "2013.??.??"]
[EventType "swiss"]
[EventCountry "POL"]

1. d4 d5 2. c4 c6 3. Nf3 Nf6 4. Nc3 e6 5. Bg5 h6 6. Bh4 Be7 7. e3 Nbd7 8. Bd3
Qb6 9. Qc2 O-O 10. O-O Re8 11. Rac1 Qc7 12. cxd5 exd5 13. Bg3 Qd8 14. Bf5 Nf8
15. Bd3 Be6 16. Qb3 Qb6 17. Na4 Qxb3 18. axb3 Nh5 19. Bc7 Rec8 20. Ba5 Nd7 21.
Rc2 Nhf6 22. Rfc1 Ne4 23. Be1 Bf5 24. b4 a6 25. h3 Bg6 26. Nh2 Nxf2 27. Bxg6
Nxh3+ 28. gxh3 fxg6 29. Nf3 Re8 30. Kf2 Rf8 31. Nc5 Bxc5 32. bxc5 Rf5 33. Kg2
Re8 34. Re2 g5 35. Bg3 Ref8 36. Rf2 Nf6 37. Ne5 Ne4 38. Rxf5 Rxf5 39. Rc2 Kf8
40. Nd3 Ke7 41. Nf2 Nxf2 42. Rxf2 g6 43. Be5 Kf7 44. Rc2 Kg8 45. Kg3 Kf7 46.
Rc3 Kg8 47. e4 dxe4 48. Re3 Rf1 49. Rxe4 Rg1+ 50. Kf2 Rd1 51. Re2 Rd3 52. Kg2
Kh7 53. Rf2 Kg8 54. Bf6 Rd1 55. Re2 Kf7 56. Be5 Kg8 57. Kf3 Rf1+ 58. Ke4 Rf5
59. Re3 Rf2 60. d5 cxd5+ 61. Kxd5 Kf7 62. Bd4 Rf4 63. Rb3 g4 64. hxg4 Rxg4 65.
Rxb7+ Ke8 66. Ra7 h5 67. Be5 Kd8 68. c6 Rg2 69. Ke6 Kc8 70. Ra8# 1-0

[Event "ch-city"]
[Site "Milanowek"]
[Date "2013.06.25"]
[Round "2.8"]
[White "Kowalik, Pawel"]
[Black "Wierzgala, Krzysztof"]
[Result "1-0"]
[WhiteElo "1655"]
[BlackElo "1756"]
[PlyCount "131"]
[EventDate "2013.??.??"]
[EventType "swiss"]
[EventCountry "POL"]

1. c4 Nf6 2. Nf3 g6 3. Nc3 Bg7 4. d4 d6 5. e4 O-O 6. Be2 Nbd7 7. Bg5 c6 8. Qd2
Qe8 9. O-O e5 10. dxe5 dxe5 11. b4 Nh5 12. Rac1 a5 13. a3 axb4 14. axb4 Qe6 15.
Rfd1 f6 16. Be3 Re8 17. Ra1 Rxa1 18. Rxa1 Bf8 19. c5 Be7 20. Ne1 Ng7 21. Nc2 f5
22. f3 Rd8 23. Na3 Kh8 24. Qc2 Qf6 25. Rd1 Ne6 26. Qb2 f4 27. Bf2 Ndf8 28. Rxd8
Bxd8 29. Nc2 Qf7 30. Bc4 Bf6 31. Ne2 Qd7 32. Qc1 g5 33. Kf1 Kg7 34. Ke1 g4 35.
Qd2 Qxd2+ 36. Kxd2 gxf3 37. gxf3 Ng5 38. Ng1 Nfe6 39. Kc3 h5 40. Be2 Nc7 41.
Na3 Bd8 42. Kb3 Be7 43. Nc4 Be6 44. Kc2 Bxc4 45. Bxc4 Nce6 46. Kd3 Nf8 47. Bh4
Ng6 48. Bxg5 Bxg5 49. Be6 Ne7 50. Kc4 Bh4 51. Ne2 Bf2 52. Nc3 b5+ 53. cxb6 Bxb6
54. Na4 Bg1 55. h3 Kf6 56. Bd7 Kg5 57. Nc5 Kh4 58. Nd3 Bd4 59. Nxf4 exf4 60.
Kxd4 Kg3 61. Kc5 Kxf3 62. Kd6 Ke3 63. Kxe7 f3 64. Bxc6 f2 65. Bb5 Kxe4 66. Kd6
1-0

[Event "ch-city"]
[Site "Milanowek"]
[Date "2013.06.25"]
[Round "2.10"]
[White "Moscicka, Pola"]
[Black "Herman, Monika"]
[Result "0-1"]
[WhiteElo "1487"]
[BlackElo "1665"]
[PlyCount "104"]
[EventDate "2013.??.??"]
[EventType "swiss"]
[EventCountry "POL"]

1. e4 e5 2. Nf3 Nc6 3. Bb5 a6 4. Ba4 Nf6 5. O-O Be7 6. Re1 b5 7. Bb3 O-O 8. c3
d6 9. h3 Na5 10. Bc2 c5 11. d4 Qc7 12. d5 Ne8 13. b3 f5 14. exf5 Bxf5 15. Bxf5
Rxf5 16. Qd3 Rf7 17. Nbd2 c4 18. Qe3 Nf6 19. Ng5 Nxd5 20. Qe4 Bxg5 21. Qxd5 Qc6
22. bxc4 Qxd5 23. cxd5 Bxd2 24. Bxd2 Nc4 25. Be3 Rc7 26. Rab1 Rac8 27. Rbc1
Nxe3 28. Rxe3 b4 29. Kf1 bxc3 30. Ke2 Rc4 31. Rd3 Kf7 32. Kd1 e4 33. Re3 R8c5
34. Kc2 Rxd5 35. Rxc3 Rxc3+ 36. Kxc3 Rc5+ 37. Kd2 Rxc1 38. Kxc1 Ke6 39. Kd2 Ke5
40. Ke3 d5 41. a3 d4+ 42. Ke2 h5 43. a4 g5 44. a5 Kd5 45. g3 Kc4 46. h4 g4 47.
Kd2 d3 48. Kd1 Kc3 49. Kc1 d2+ 50. Kd1 Kd3 51. f3 e3 52. f4 e2# 0-1

[Event "ch-city"]
[Site "Milanowek"]
[Date "2013.06.25"]
[Round "2.11"]
[White "Moscicki, Slawomir"]
[Black "Woloszyn, Piotr"]
[Result "0-1"]
[WhiteElo "1388"]
[BlackElo "1533"]
[PlyCount "110"]
[EventDate "2013.??.??"]
[EventType "swiss"]
[EventCountry "POL"]

1. e4 e5 2. Nf3 Nc6 3. Bc4 Be7 4. Nc3 Nf6 5. O-O O-O 6. d3 d6 7. h3 a6 8. Bg5
b5 9. Bxf6 Bxf6 10. Bd5 Bb7 11. Ne2 Rb8 12. c3 Ne7 13. Bxb7 Rxb7 14. d4 Ng6 15.
dxe5 dxe5 16. Qxd8 Rxd8 17. Rad1 Rbb8 18. g3 h6 19. Kg2 c5 20. b3 Ne7 21. Nd2
Rd3 22. Nb1 Rbd8 23. Rxd3 Rxd3 24. Nc1 Rd7 25. f3 Kf8 26. Kf2 Nc6 27. Ke2 Ke7
28. Nd3 c4 29. Nc5 Ra7 30. f4 Kd6 31. b4 Ke7 32. f5 a5 33. a3 axb4 34. cxb4 Ke8
35. g4 Be7 36. Nc3 Nd4+ 37. Kf2 Bxc5 38. bxc5 Rxa3 39. Nd5 Rf3+ 40. Kg2 Rxf1
41. Kxf1 Kd7 42. f6 gxf6 43. Nxf6+ Kc6 44. Nd5 Kxc5 45. h4 Ne6 46. h5 b4 47.
Ke1 c3 48. Kd1 Kc4 49. Nb6+ Kd3 50. Na4 Kxe4 51. Nc5+ Kf4 52. Nd3+ Kxg4 53.
Nxb4 Nd4 54. Nd3 f6 55. Nf2+ Kxh5 0-1

[Event "ch-city"]
[Site "Milanowek"]
[Date "2013.06.25"]
[Round "2.12"]
[White "Borowski, Marek"]
[Black "Kucharski, Jacek"]
[Result "1-0"]
[WhiteElo "1506"]
[BlackElo "1371"]
[Annotator "Admin"]
[PlyCount "120"]
[EventDate "2013.??.??"]
[EventType "swiss"]
[EventCountry "POL"]

1. d4 Nf6 2. Nf3 d5 3. Bf4 Nc6 4. e3 e6 5. Nbd2 Be7 6. c4 dxc4 7. Bxc4 O-O 8.
Rc1 Bd6 9. Bg3 Bd7 10. a3 a6 11. Bh4 Be7 12. O-O Nh5 13. Bxe7 Qxe7 14. Ne4 Nf6
15. Ng3 h6 16. Re1 Rab8 17. e4 Rfd8 18. Qc2 Nh7 19. b4 Rbc8 20. Rcd1 Qe8 21. d5
Na7 22. dxe6 fxe6 23. Ne5 Nf8 24. Bb3 Nb5 25. a4 Nd6 26. Nxd7 Rxd7 27. e5 Nf7
28. f4 Rcd8 29. Ne4 Rxd1 30. Rxd1 Rxd1+ 31. Qxd1 Qc6 32. Qc2 Qb6+ 33. Qc5 Qxc5+
34. Nxc5 Nd8 35. Kf2 Kf7 36. g4 Ke7 37. Ke3 Nd7 38. Nxd7 Kxd7 39. Ke4 Ke7 40.
h4 Nf7 41. Bc4 Nd8 42. b5 axb5 43. axb5 b6 44. h5 Nf7 45. f5 Nd8 46. Kf4 c6 47.
bxc6 Nxc6 48. Bxe6 b5 49. Ke4 b4 50. Ba2 Na5 51. Kd3 b3 52. Bb1 Nc6 53. Ke4 Nb4
54. Kd4 Nc2+ 55. Kc3 Ne3 56. Bd3 Nxg4 57. e6 Nf6 58. Be2 Nd5+ 59. Kxb3 Nf4 60.
Bg4 Nd5 $138 1-0

[Event "ch-city"]
[Site "Milanowek"]
[Date "2013.06.26"]
[Round "3.1"]
[White "Strzemiecki, Zbigniew"]
[Black "Szefer, Michal"]
[Result "1-0"]
[WhiteElo "2431"]
[BlackElo "1992"]
[PlyCount "25"]
[EventDate "2013.??.??"]
[EventType "swiss"]
[EventCountry "POL"]

1. e4 c5 2. Nf3 g6 3. d4 cxd4 4. Nxd4 Bg7 5. Nc3 Nc6 6. Be3 Nf6 7. Nxc6 dxc6 8.
Qxd8+ Kxd8 9. O-O-O+ Kc7 10. Bf4+ Kb6 11. Na4+ Ka5 12. Rd4 Nd5 13. Bd2+ 1-0

[Event "ch-city"]
[Site "Milanowek"]
[Date "2013.06.26"]
[Round "3.2"]
[White "Wojtaszewski, Piotr"]
[Black "Liberadzki, Slawomir"]
[Result "1/2-1/2"]
[WhiteElo "2018"]
[BlackElo "2078"]
[Annotator "Admin"]
[PlyCount "153"]
[EventDate "2013.??.??"]
[EventType "swiss"]
[EventCountry "POL"]

1. e4 c5 2. Nc3 Nc6 3. g3 g6 4. Bg2 Bg7 5. f4 e6 6. e5 d6 7. exd6 Nf6 8. Nf3
Qxd6 9. O-O O-O 10. d3 Rb8 11. Qe2 b6 12. Ne4 Qe7 13. Ne5 Nxe5 14. fxe5 Nxe4
15. Qxe4 Bb7 16. Qe2 Bxg2 17. Kxg2 Qb7+ 18. Kg1 Qd5 19. Re1 Qd4+ 20. Kg2 Rbd8
21. Qe4 $11 Rd5 22. Qxd4 cxd4 23. Bf4 Rc8 24. Rac1 Rcc5 25. Kf2 Bxe5 26. Bxe5
Rxe5 27. Rxe5 Rxe5 28. c3 dxc3 29. bxc3 Kf8 30. d4 Ra5 31. Rc2 Ke7 32. Ke3 Kd6
33. g4 e5 34. Rf2 f5 35. gxf5 gxf5 36. dxe5+ Kxe5 37. Rg2 f4+ 38. Kf3 Ra3 39.
Rg5+ Kf6 40. h4 Rxc3+ 41. Kxf4 Rc4+ 42. Kg3 Ra4 43. Rh5 Kg6 44. Rg5+ Kh6 45.
Rd5 Rxa2 46. Rd6+ Kh5 47. Rd5+ Kg6 48. Rd6+ Kf7 49. Rd7+ Kf6 50. Rxh7 b5 51.
Kf4 b4 52. Rb7 a5 53. h5 Rf2+ 54. Ke4 Rh2 55. Rb6+ Ke7 56. h6 Kf7 57. Kd4 Rh4+
58. Kd3 a4 59. Ra6 b3 60. Kc3 Rh3+ 61. Kb2 Rh2+ 62. Kb1 $11 Ra2 63. Rb6 Kg8 64.
Rb7 Rh2 65. Ra7 Rh1+ 66. Kb2 Rh2+ 67. Kb1 Rh4 68. Kb2 Kh8 69. Kb1 Rg4 70. Kb2
Rh4 71. Kb1 b2 72. Ra8+ Kh7 73. Ra6 Kg8 74. Ra8+ Kh7 75. Ra6 Kh8 76. Ra8+ Kh7
77. Ra6 $11 1/2-1/2

[Event "ch-city"]
[Site "Milanowek"]
[Date "2013.06.26"]
[Round "3.3"]
[White "Sujkowski, Pawel"]
[Black "Kowalik, Pawel"]
[Result "1-0"]
[WhiteElo "1957"]
[BlackElo "1655"]
[PlyCount "119"]
[EventDate "2013.??.??"]
[EventType "swiss"]
[EventCountry "POL"]

1. e4 e5 2. Nf3 Nc6 3. Bb5 a6 4. Bxc6 dxc6 5. O-O Bd6 6. d4 exd4 7. Qxd4 Bf8 8.
Qxd8+ Kxd8 9. Rd1+ Ke8 10. Bf4 Nf6 11. Bxc7 Bg4 12. Nbd2 Bxf3 13. gxf3 Rc8 14.
Bg3 Bc5 15. Nc4 Ke7 16. Bd6+ Bxd6 17. Nxd6 Rb8 18. Nf5+ Kf8 19. Rd6 Ne8 20. Rd3
g6 21. Ne3 Ke7 22. Rad1 Nf6 23. Ng4 Rhe8 24. Nxf6 Kxf6 25. Rd6+ Re6 26. Rxe6+
Kxe6 27. Kg2 b5 28. Kg3 b4 29. f4 f6 30. h4 a5 31. Kf3 a4 32. Ke3 b3 33. cxb3
axb3 34. a3 Rb5 35. Rc1 Kd6 36. Rd1+ Ke6 37. Rd3 Rh5 38. Rxb3 Rxh4 39. a4 Rh5
40. Ra3 Ra5 41. b4 Ra7 42. a5 Ra6 43. Kd4 Kd6 44. Kc4 Kc7 45. Rh3 h5 46. Rg3
Ra8 47. Rxg6 Rh8 48. Rxf6 h4 49. Rg6 h3 50. Rg1 Rh4 51. Kd4 Rxf4 52. Ke3 Rh4
53. Rh1 h2 54. f3 Kb7 55. Kf2 Rh5 56. Kg3 Rb5 57. Rxh2 Rxb4 58. Ra2 Ka6 59. Kf2
Rb5 60. Ra3 1-0